000 nam a22 7a 4500
999 _c7753
_d7753
008 171006b xxu||||| |||| 00| 0 eng d
100 _94231
_aChabra.A
245 _aHome Science
260 _aNew Delhi
_bJPH
_c2009